书目信息 |
| 题名: |
室内设计原理
|
|
| 作者: | 龚斌 , 向东文 主编 | |
| 分册: | ||
| 出版信息: | 武汉 华中科技大学出版社 2021.03 |
|
| 页数: | 116页 | |
| 开本: | 29cm | |
| 丛书名: | ||
| 单 册: | ||
| 中图分类: | TU238.2 | |
| 科图分类: | ||
| 主题词: | 室内装饰设计--shi nei zhuang shi she ji--高等学校--教材 | |
| 电子资源: | ||
| ISBN: | 978-7-5680-6971-7 | |
| 000 | 01233nam0 2200289 450 | |
| 001 | CAL 0120217136657 | |
| 005 | 20210510173502.8 | |
| 010 | @a978-7-5680-6971-7@dCNY49.00 | |
| 100 | @a20210429d2021 em y0chiy0120 ea | |
| 101 | 0 | @achi |
| 102 | @aCN@b420000 | |
| 105 | @aa a 000yy | |
| 106 | @ar | |
| 200 | 1 | @a室内设计原理@Ashi nei she ji yuan li@d= Art design@f主编龚斌, 向东文@zeng |
| 205 | @a第2版 | |
| 210 | @a武汉@c华中科技大学出版社@d2021.03 | |
| 215 | @a116页@c彩图@d29cm | |
| 320 | @a有书目 (第116页) | |
| 330 | @a本书包括室内设计的概念 (设计的定义, 室内设计的定义, 室内设计与建筑设计, 环境艺术设计专业, 室内装修、装饰、装潢、布置的区别, 室内设计师, 室内设计的基本观点), 人体工程学与室内设计 (人体工程学的定义, 人体工程学的静、动态尺度, 人体工程学在室内设计中的运用), 环境心理学与室内设计 (环境心理学的定义, 室内环境中人的心理与行为, 环境心理学在室内设计中的运用) 等内容。 | |
| 333 | @a高等院校艺术学门类“十四五”规划教材 | |
| 510 | 1 | @aArt design@zeng |
| 606 | 0 | @a室内装饰设计@Ashi nei zhuang shi she ji@x高等学校@j教材 |
| 690 | @aTU238.2@v5 | |
| 701 | 0 | @a龚斌@Agong bin@4主编 |
| 701 | 0 | @a向东文@Axiang dong wen@4主编 |
| 801 | 0 | @aCN@b人天书店@c20210429 |
| 905 | @aTSG@b0000484@dTU238.2@eG382@f2 | |
| 室内设计原理= Art design/主编龚斌, 向东文.-第2版.-武汉:华中科技大学出版社,2021.03 |
| 116页:彩图;29cm |
| 使用对象:高等院校艺术学门类“十四五”规划教材 |
| ISBN 978-7-5680-6971-7:CNY49.00 |
| 本书包括室内设计的概念 (设计的定义, 室内设计的定义, 室内设计与建筑设计, 环境艺术设计专业, 室内装修、装饰、装潢、布置的区别, 室内设计师, 室内设计的基本观点), 人体工程学与室内设计 (人体工程学的定义, 人体工程学的静、动态尺度, 人体工程学在室内设计中的运用), 环境心理学与室内设计 (环境心理学的定义, 室内环境中人的心理与行为, 环境心理学在室内设计中的运用) 等内容。 |
| ● |
| 相关链接 |
|
|
|
正题名:室内设计原理
索取号:TU238.2/G382
 
预约/预借
| 序号 | 登录号 | 条形码 | 馆藏地/架位号 | 状态 | 备注 |
| 1 | 1537188 | 215371880 | 建筑库101/101建筑库 55排3列3层/ [索取号:TU238.2/G382] | 在馆 | |
| 2 | 1537189 | 215371899 | 建筑库101/101建筑库 55排3列3层/ [索取号:TU238.2/G382] | 在馆 |